Statistics for Word Ladder - From Clean To Dirty

Click here to take the quiz!

General Stats

  • This quiz has been taken 78 times
  • The average score is 14 of 21

Answer Stats

HintAnswer% Correct
Free from dirtClean
100%
Box for treasureChest
97%
Act dishonestly to gain an advantageCheat
94%
Game played on a boardChess
92%
American word for studded shoesCleat
92%
Christina Aguilera songDirty
82%
CelebrationParty
72%
Child's toiletPotty
72%
The plural of masticateChews
68%
Speak with someoneChats
66%
Actors rolesParts
66%
A short songDitty
63%
Selma's twinPatty
62%
Places for shipsPorts
62%
Eeccentric or slightly madDotty
55%
To deliver a letterPosts
55%
Item of cowboy clothingChaps
54%
More than one Chinese dogChows
54%
Slang word for mouthChops
46%
A collection of jacketsCoats
43%
OverheadsCosts
38%

Score Distribution

Percentile by Number Answered

Percent of People with Each Score

Your Score History

You have not taken this quiz